| 000 | 02138nam a2200253Ia 4500 | ||
|---|---|---|---|
| 999 |
_c56180 _d56180 |
||
| 001 | 23281 | ||
| 003 | GE_BSU | ||
| 005 | 20230630113650.0 | ||
| 008 | 181216s1961ge xx |||||||||||||| ||geo|| | ||
| 040 | _cGE_BSU | ||
| 041 | _ageo | ||
| 080 | _a94(479.22)(093უცხ.) გ-34 | ||
| 245 |
_aგეორგიკა : _bბიზანტიელი მწერლების ცნობები საქართველოს შესახებ. ტ. 1 / _cტექსტი ქართ. თარგმ. გამოსცეს და განმარტებები დაურთვეს ალ. გამყრელიძემ და ს. ყაუხჩიშვილმა. მთავ. რედ. ი. აბულაძე., ვლ. ფუთურიძე და სხვ. ბერძ-რომაული წყაროების სერიის რედ. ს. ყაუხჩიშვილ |
||
| 264 |
_aთბილისი : _bსაქ. სსრ მეცნ. აკად. გამ-ბა, _c1961. |
||
| 300 |
_a311 გვ.: _b22 სმ. |
||
| 501 | _aსაკუთარ სახ. საძიებ. გვ. 279-311 | ||
| 653 | _aგეორგიკა : ბიზანტიელი მწერლების ცნობები საქართველოს შესახებ. ტ. 1 | ||
| 653 | _aსაქართველოს ისტორიის ბიზანტიური წყაროები | ||
| 700 |
_aგამყრელიძე, ალ _eმთარგმნელი _919100 |
||
| 700 |
_a ყაუხჩიშვილი, ს _eმთარგმნელი _919101 |
||
| 700 |
_aაბულაძე, ი _eმთავარი რედაქტორი და სხვ _919102 |
||
| 710 |
_aსაქ. სსრ მეცნ. აკადემია, საქ. შესახებ არსებული უცხოური წყაროების კომისია, ივ. ჯავახიშვილის სახ. ისტორიის ინ-ტი. _919103 |
||
| 942 |
_cBK _2udc |
||